000 00359pab a2200145 454500
008 180718b1983 xxu||||| |||| 00| 0 eng d
100 _aSpackman, M.
245 _aInvestment appraisal in the public sector
260 _c1983
300 _a234-43
362 _aNov.
650 _aCost - Benefit Analysis
773 _aManagement in Government
909 _a6791
999 _c6791
_d6791